00466cam a2200169ua 45000010005000000080039000050200018000440400009000620820013000711000028000842450067001122500009001792600031001883000017002196530019002366530041002553221111013n ii |||gr||||Z||||||asm a81-7339-304-4 cMAIN a891.45131 aGoswami, Mamani Raison,11aMamani Raison Goswamir priya upanyascby Mamani Raison Goswami a1st. aGuahati:bBanalata,c2001. a351p:c23cm. aAssamese novel aMamani Raison Goswamir priya upanyas